[Event "Medellin Sub zt 2.3.2"]
[Site "Medellin"]
[Date "2025.04.18"]
[Round "7"]
[White "Vargas Diaz, David Alejandro"]
[Black "Alcala Leon, Daniel Alejandro"]
[Result "1-0"]
[WhiteElo "1829"]
[BlackElo "1979"]
[PlyCount "65"]
[EventDate "2025.04.14"]
[EventType "swiss"]
[EventRounds "9"]
[EventCountry "COL"]
[SourceTitle "CB18_2025"]
[SourceDate "2025.04.30"]
[SourceVersion "1"]
[SourceVersionDate "2025.04.30"]
[SourceQuality "1"]

1. Nf3 d5 2. c4 e6 3. g3 Nf6 4. Bg2 Bd6 5. 0-0 0-0 6. b3 Re8 7. Bb2 c6 8. d3 e5 9. e3 Nbd7 10. Qc2 Nc5 11. d4 e4 12. dxc5 exf3 13. Bxf3 Be5 14. cxd5 cxd5 15. b4 Bf5 16. Qb3 a5 17. Bxe5 Rxe5 18. Qb2 Re7 19. a3 Rc8 20. Rd1 b6 21. Nc3 Rd7 22. Na4 bxc5 23. Nxc5 Re7 24. Rac1 axb4 25. axb4 Qd6 26. e4 Bh3 27. exd5 Rce8 28. Qd2 h6 29. Re1 Rxe1+ 30. Rxe1 Rxe1+ 31. Qxe1 Nxd5 32. Qe8+ Kh7 33. Qe4+ 1-0

[Event "Medellin Sub zt 2.3.2"]
[Site "Medellin"]
[Date "2025.04.17"]
[Round "6"]
[White "Alcala Leon, Daniel Alejandro"]
[Black "Sierra Lopez, Raul"]
[Result "1-0"]
[WhiteElo "1979"]
[BlackElo "1790"]
[PlyCount "73"]
[EventDate "2025.04.14"]
[EventType "swiss"]
[EventRounds "9"]
[EventCountry "COL"]
[SourceTitle "CB18_2025"]
[SourceDate "2025.04.30"]
[SourceVersion "1"]
[SourceVersionDate "2025.04.30"]
[SourceQuality "1"]

1. e4 e6 2. d4 d5 3. exd5 exd5 4. Bd3 g6 5. Nf3 Bg7 6. 0-0 Ne7 7. Re1 0-0 8. c3 h6 9. Bf4 Bf5 10. Bf1 g5 11. Bg3 Be4 12. h4 Nf5 13. hxg5 hxg5 14. Bh2 Nh6 15. Nbd2 f5 16. Ne5 Bxe5 17. dxe5 f4 18. Nxe4 dxe4 19. Qh5 Kg7 20. Rad1 Qe7 21. Rxe4 Rf5 22. Qe2 Nc6 23. e6 Rd8 24. Rxd8 Nxd8 25. Re5 Nc6 26. Re4 Kf6 27. Qh5 Kg7 28. Qd1 Kf6 29. g3 Ne5 30. gxf4 gxf4 31. Rxf4 Nhg4 32. Bg3 Kxe6 33. Bc4+ Nxc4 34. Qxg4 Nd6 35. Re4+ Nxe4 36. Qxe4+ Kf6 37. Bh4+ 1-0

[Event "Medellin Sub zt 2.3.2"]
[Site "Medellin"]
[Date "2025.04.15"]
[Round "3"]
[White "Florez Salazar, Luis Angel"]
[Black "Alcala Leon, Daniel Alejandro"]
[Result "1-0"]
[WhiteElo "2203"]
[BlackElo "1979"]
[PlyCount "85"]
[EventDate "2025.04.14"]
[EventType "swiss"]
[EventRounds "9"]
[EventCountry "COL"]
[SourceTitle "CB18_2025"]
[SourceDate "2025.04.30"]
[SourceVersion "1"]
[SourceVersionDate "2025.04.30"]
[SourceQuality "1"]

1. e4 e5 2. Nf3 Nf6 3. d4 Nxe4 4. Bd3 d5 5. Nxe5 Bd6 6. Nc3 Nxc3 7. bxc3 Nd7 8. 0-0 0-0 9. f4 Nf6 10. c4 c5 11. c3 Qc7 12. Qb3 Be6 13. cxd5 Bxd5 14. c4 Be4 15. Bxe4 Nxe4 16. Re1 f5 17. Bb2 Kh8 18. d5 b5 19. Qh3 bxc4 20. Ng6+ Kg8 21. Nxf8 Rxf8 22. Rxe4 fxe4 23. Qe6+ Kh8 24. Be5 Rd8 25. Rb1 h6 26. Qxh6+ Kg8 27. Qe6+ Kh8 28. Qh6+ Kg8 29. Qe6+ Kh8 30. Re1 Qd7 31. Rxe4 Qxe6 32. dxe6 Be7 33. Rxc4 Rd1+ 34. Kf2 Rd2+ 35. Kf3 Rxa2 36. f5 Ra3+ 37. Ke4 Rb3 38. Kd5 Rb4 39. Rc3 Rg4 40. Ra3 Rxg2 41. Rxa7 Rd2+ 42. Kc6 Re2 43. Bxg7+ 1-0

[Event "Medellin Sub zt 2.3.2"]
[Site "Medellin"]
[Date "2025.04.14"]
[Round "2"]
[White "Alcala Leon, Daniel Alejandro"]
[Black "Mendoza, Rafael"]
[Result "1/2-1/2"]
[WhiteElo "1979"]
[BlackElo "2207"]
[PlyCount "48"]
[EventDate "2025.04.14"]
[EventType "swiss"]
[EventRounds "9"]
[EventCountry "COL"]
[SourceTitle "CB18_2025"]
[SourceDate "2025.04.30"]
[SourceVersion "1"]
[SourceVersionDate "2025.04.30"]
[SourceQuality "1"]

1. e4 e5 2. Nf3 Nc6 3. Bb5 a6 4. Ba4 Nf6 5. 0-0 Be7 6. Re1 b5 7. Bb3 d6 8. c3 0-0 9. h3 Bb7 10. d4 h6 11. Nbd2 Re8 12. Nf1 Bf8 13. Ng3 Qd7 14. Bc2 Rad8 15. a3 g6 16. Be3 Bg7 17. Qd2 d5 18. dxe5 Nxe5 19. Nxe5 Rxe5 20. Bxh6 dxe4 21. Qxd7 Rxd7 22. Bf4 Re8 23. Rad1 Rxd1 24. Rxd1 Nd5 1/2-1/2

[Event "COL-ch U18"]
[Site "Bucaramanga"]
[Date "2025.04.06"]
[Round "7"]
[White "Cabiativa, Juan Esteban"]
[Black "Alcala Leon, Daniel Alejandro"]
[Result "1-0"]
[WhiteElo "2183"]
[BlackElo "1979"]
[PlyCount "27"]
[EventDate "2025.04.03"]
[EventType "swiss"]
[EventRounds "7"]
[EventCountry "COL"]
[SourceTitle "CB15_2025"]
[SourceDate "2025.04.09"]
[SourceVersion "1"]
[SourceVersionDate "2025.04.09"]
[SourceQuality "1"]

1. e4 e5 2. Nf3 Nc6 3. Bb5 a6 4. Ba4 Nf6 5. 0-0 d6 6. Re1 Bd7 7. c4 g6 8. Bxc6 Bxc6 9. d4 Bg7 10. dxe5 dxe5 11. Qxd8+ Rxd8 12. Nxe5 Bxe4 13. f3 Bxb1 14. Nxg6+ 1-0

[Event "COL-ch U20"]
[Site "Bogota"]
[Date "2025.01.31"]
[Round "5"]
[White "Alcala Leon, Daniel Alejandro"]
[Black "Ayala Delgado, Sergio Alejandro"]
[Result "0-1"]
[WhiteElo "1921"]
[BlackElo "2049"]
[PlyCount "78"]
[EventDate "2025.01.29"]
[EventType "tourn"]
[EventRounds "9"]
[EventCountry "COL"]
[SourceTitle "CB06_2025"]
[SourceDate "2025.02.05"]
[SourceVersion "1"]
[SourceVersionDate "2025.02.05"]
[SourceQuality "1"]

1. d4 d5 2. Nf3 Nf6 3. e3 c5 4. c3 Nc6 5. Bd3 Bg4 6. Nbd2 e6 7. 0-0 Be7 8. Re1 0-0 9. dxc5 Bxc5 10. e4 d4 11. c4 Ne5 12. Bf1 d3 13. h3 Bxf3 14. Nxf3 Nxf3+ 15. gxf3 Qb6 16. Be3 Bxe3 17. Rxe3 Qxb2 18. Rxd3 Nh5 19. Rb3 Qf6 20. Rxb7 Rad8 21. Qc1 Qxf3 22. Bg2 Qf6 23. Rab1 Nf4 24. Bf1 Qg6+ 25. Kh2 Qxe4 26. Qe3 Qf5 27. Rc1 Nd3 28. Rd1 Nxf2 29. Rxd8 Rxd8 30. Bg2 h6 31. Rb5 Qf6 32. c5 Rd3 33. Rb8+ Kh7 34. Be4+ Nxe4 35. Qxd3 Qf2+ 36. Kh1 f5 37. Rb3 Nxc5 38. Qc3 Nxb3 39. axb3 Qe2 0-1

[Event "Bogota Navidad op"]
[Site "Bogota"]
[Date "2024.12.07"]
[Round "6"]
[White "Malagon Guzman, Juan Daniel"]
[Black "Alcala Leon, Daniel Alejandro"]
[Result "1/2-1/2"]
[WhiteElo "1849"]
[BlackElo "1997"]
[PlyCount "86"]
[EventDate "2024.12.04"]
[EventType "swiss"]
[EventRounds "9"]
[EventCountry "COL"]
[SourceTitle "CB50_2024"]
[SourceDate "2024.11.01"]
[SourceVersion "1"]
[SourceVersionDate "2024.11.01"]
[SourceQuality "2"]

1. e4 e5 2. Nf3 Nc6 3. Bb5 a6 4. Ba4 Nf6 5. 0-0 d6 6. d4 b5 7. dxe5 dxe5 8. Qxd8+ Nxd8 9. Bb3 Bd6 10. Nc3 b4 11. Nd5 Nxe4 12. Re1 Nc5 13. Nxe5 0-0 14. Bd2 Nxb3 15. axb3 Rb8 16. Ra4 Rb5 17. Nxb4 Rxe5 18. Rxe5 Bxe5 19. Nxa6 Bxa6 20. Rxa6 Ne6 21. Bc3 Bxc3 22. bxc3 Rd8 23. Kf1 g6 24. Ke2 Kg7 25. g3 Kf6 26. Ra5 c5 27. h3 h5 28. Ra6 Ke5 29. f4+ Ke4 30. Ra4+ Kd5 31. Ra7 h4 32. Rxf7 hxg3 33. Kf3 Rf8 34. Rxf8 Nxf8 35. Kxg3 Ke4 36. b4 c4 37. h4 Ne6 38. b5 Kf5 39. b6 Nc5 40. Kf3 Nb7 41. Kg3 Nc5 42. Kf3 Nb7 43. Kg3 Nc5 1/2-1/2

[Event "Bogota Navidad op"]
[Site "Bogota"]
[Date "2024.12.05"]
[Round "2"]
[White "Alcala Leon, Daniel Alejandro"]
[Black "Torres Hernandez, Deivy Santiago"]
[Result "1-0"]
[WhiteElo "1997"]
[BlackElo "1641"]
[PlyCount "79"]
[EventDate "2024.12.04"]
[EventType "swiss"]
[EventRounds "9"]
[EventCountry "COL"]
[SourceTitle "CB50_2024"]
[SourceDate "2024.11.01"]
[SourceVersion "1"]
[SourceVersionDate "2024.11.01"]
[SourceQuality "2"]

1. b3 c5 2. Nh3 Nf6 3. e3 d5 4. e4 Nxe4 5. g3 Bxh3 6. f3 Bg2 7. h4 Bxf1 8. Rxf1 Nc6 9. fxe4 f5 10. exf5 e6 11. Nc3 Qd6 12. fxe6 Qxg3+ 13. Rf2 Qxf2+ 14. Kxf2 b5 15. Nxd5 c4 16. Nc3 cxb3 17. d4 bxc2 18. Qxc2 Ne5 19. dxe5 Be7 20. Nxb5 a5 21. Nc7+ Kd8 22. Nxa8 Bd6 23. exd6 a4 24. e7+ Kd7 25. e8Q+ Rxe8 26. Nb6+ Kxd6 27. Nxa4 g6 28. Kg3 g5 29. h5 h6 30. Bxg5 hxg5 31. h6 Re3+ 32. Kg4 Kd7 33. Qd2+ Rd3 34. Qxd3+ Kc6 35. Nc3 Kb6 36. Qd7 Ka6 37. Nd5 Ka5 38. a4 Ka6 39. Rb1 Ka5 40. Qa7# 1-0

[Event "COL-chT sf"]
[Site "Medellin"]
[Date "2024.11.09"]
[Round "5.4"]
[White "Alcala Leon, Daniel Alejandro"]
[Black "Valderrama Quiceno, Esteban Alberto"]
[Result "0-1"]
[WhiteElo "2019"]
[BlackElo "2391"]
[PlyCount "92"]
[EventDate "2024.11.07"]
[EventType "team-swiss"]
[EventRounds "6"]
[EventCountry "COL"]
[SourceTitle "CB49_2024"]
[SourceDate "2024.12.04"]
[SourceVersion "1"]
[SourceVersionDate "2024.12.04"]
[SourceQuality "1"]
[WhiteTeam "Bogota II"]
[BlackTeam "Antioquia"]
[WhiteTeamCountry "COL"]
[BlackTeamCountry "COL"]

1. e4 c5 2. Nf3 Nc6 3. c3 d5 4. exd5 Qxd5 5. d4 Nf6 6. Be2 e6 7. 0-0 Be7 8. Na3 0-0 9. Nb5 Qd8 10. dxc5 Bxc5 11. Bg5 a6 12. Qxd8 Rxd8 13. Bxf6 gxf6 14. b4 Be7 15. Nc7 Ra7 16. b5 axb5 17. Nxb5 Ra4 18. Rfd1 Rxd1+ 19. Bxd1 Ra5 20. a4 Bd7 21. Rb1 Ne5 22. Nxe5 fxe5 23. Bc2 Bc6 24. f3 Kg7 25. Kf2 h5 26. g3 Ra8 27. c4 f5 28. h4 Kf6 29. Rd1 Bc5+ 30. Kg2 Rg8 31. Nc3 Be3 32. Rd6 Ke7 33. c5 Bd4 34. Ne2 Bxc5 35. Rd1 Rg4 36. Rb1 Rc4 37. Bb3 Rb4 38. Nc3 Bd4 39. Na2 Rb6 40. Bc2 Rxb1 41. Bxb1 Bxa4 42. Nb4 Bc3 43. Nd3 Bc6 44. Kf2 b5 45. Ba2 Kd6 46. Ke2 Bd5 0-1

[Event "COL-ch U18"]
[Site "Florencia Caqueta"]
[Date "2024.10.06"]
[Round "2"]
[White "Alcala Leon, Daniel Alejandro"]
[Black "Perez Latorre, Juan Sebastian"]
[Result "1-0"]
[WhiteElo "1957"]
[BlackElo "1868"]
[PlyCount "149"]
[EventDate "2024.10.06"]
[EventType "swiss (blitz)"]
[EventRounds "9"]
[EventCountry "COL"]
[SourceTitle "CB44_2024"]
[Source "Chessbase"]
[SourceDate "2024.10.30"]
[SourceVersion "1"]
[SourceVersionDate "2024.10.30"]
[SourceQuality "1"]

1. e4 c5 2. Nf3 Nc6 3. c3 g6 4. d4 cxd4 5. cxd4 Bg7 6. Nc3 d6 7. h3 Nf6 8. d5 Ne5 9. Nxe5 dxe5 10. Bd3 0-0 11. 0-0 Nd7 12. Be3 b6 13. Rc1 Bb7 14. Nb5 Nc5 15. Bb1 a6 16. Na3 Rc8 17. b4 Nd7 18. Nc4 a5 19. bxa5 bxa5 20. Qa4 Ba6 21. Rfd1 Bxc4 22. Rxc4 Nb6 23. Rxc8 Qxc8 24. Bxb6 Qb7 25. Qc6 Qa6 26. Bd3 Qc8 27. Qxc8 Rxc8 28. a4 Bh6 29. g3 Rb8 30. Bc5 Rb7 31. Bb5 f6 32. Bc6 Rc7 33. Bb6 Rc8 34. Bxa5 Kf7 35. Bb6 Rb8 36. a5 f5 37. exf5 gxf5 38. a6 Rxb6 39. a7 Ra6 40. a8Q Rxa8 41. Bxa8 e4 42. Bc6 e3 43. fxe3 Bxe3+ 44. Kg2 Kf6 45. Kf3 Bc5 46. Re1 Bd6 47. Re6+ Kf7 48. h4 Kg7 49. Bb5 h6 50. Bd3 f4 51. gxf4 h5 52. Bg6 Bb4 53. Bxh5 Bd6 54. Ke4 Bb4 55. Rg6+ Kh7 56. f5 Ba3 57. Ke5 Bb4 58. f6 Bc3+ 59. Ke6 exf6 60. Rxf6 Bxf6 61. Kxf6 Kh6 62. d6 Kxh5 63. d7 Kxh4 64. d8Q Kg4 65. Qd5 Kf4 66. Qe5+ Kf3 67. Qd4 Ke2 68. Qc3 Kf2 69. Qd3 Kg2 70. Qe3 Kf1 71. Qd2 Kg1 72. Kf5 Kh1 73. Kf4 Kg1 74. Kg3 Kf1 75. Qf2# 1-0

[Event "COL-ch U18"]
[Site "Florencia Caqueta"]
[Date "2024.10.06"]
[Round "9"]
[White "Duran Cardoso, Nicolas"]
[Black "Alcala Leon, Daniel Alejandro"]
[Result "0-1"]
[WhiteElo "1853"]
[BlackElo "1957"]
[PlyCount "54"]
[EventDate "2024.10.06"]
[EventType "swiss (blitz)"]
[EventRounds "9"]
[EventCountry "COL"]
[SourceTitle "CB44_2024"]
[Source "Chessbase"]
[SourceDate "2024.10.30"]
[SourceVersion "1"]
[SourceVersionDate "2024.10.30"]
[SourceQuality "1"]

1. e4 c5 2. Nf3 Nc6 3. d4 cxd4 4. Nxd4 g6 5. Nc3 Bg7 6. Be3 Nf6 7. Bc4 0-0 8. Bb3 d6 9. f3 e6 10. Qd2 d5 11. 0-0-0 Re8 12. Nxc6 bxc6 13. e5 Nd7 14. Bg5 Qa5 15. f4 c5 16. a3 Rb8 17. Na4 Qa6 18. c3 Rxb3 19. Nxc5 Nxc5 20. Qd4 Qb6 21. Rd2 Ba6 22. h4 Rxa3 23. Kb1 Ra1+ 24. Kxa1 Nb3+ 25. Kb1 Nxd4 26. Rxd4 Bc4 27. h5 Qa6 0-1

[Event "Bogota Distrito Capital op-B"]
[Site "Bogota"]
[Date "2024.09.21"]
[Round "5"]
[White "Alcala Leon, Daniel Alejandro"]
[Black "Duque Pinzon, Manuel Santiago"]
[Result "1-0"]
[WhiteElo "1905"]
[BlackElo "1927"]
[PlyCount "29"]
[EventDate "2024.09.19"]
[EventType "swiss"]
[EventRounds "7"]
[EventCountry "COL"]
[SourceTitle "EXT 2025"]
[Source "ChessBase"]
[SourceDate "2024.10.14"]
[SourceVersion "1"]
[SourceVersionDate "2024.10.14"]
[SourceQuality "1"]

1. e4 e5 2. Nf3 Nc6 3. Bb5 a6 4. Ba4 Nf6 5. 0-0 b5 6. Bb3 Bb7 7. Ng5 d5 8. exd5 Nd4 9. Re1 Bd6 10. f4 Nxb3 11. axb3 Bc5+ 12. d4 Qxd5 13. Rxe5+ Be7 14. Rxd5 Nxd5 15. c4 1-0

[Event "Bogota Distrito Capital op-B"]
[Site "Bogota"]
[Date "2024.09.20"]
[Round "3"]
[White "Villamil Alarcon, Hector Orlando"]
[Black "Alcala Leon, Daniel Alejandro"]
[Result "0-1"]
[WhiteElo "1977"]
[BlackElo "1905"]
[PlyCount "83"]
[EventDate "2024.09.19"]
[EventType "swiss"]
[EventRounds "7"]
[EventCountry "COL"]
[SourceTitle "EXT 2025"]
[Source "ChessBase"]
[SourceDate "2024.10.14"]
[SourceVersion "1"]
[SourceVersionDate "2024.10.14"]
[SourceQuality "1"]

1. e4 e5 2. Nf3 Nc6 3. Bb5 a6 4. Ba4 d6 5. c3 f5 6. d3 Nf6 7. Qe2 Be7 8. Bb3 Na5 9. Bc2 fxe4 10. dxe4 Bg4 11. Nbd2 Qd7 12. 0-0 0-0 13. Rd1 Kh8 14. h3 Bh5 15. Nf1 Nc6 16. Ng3 Qe8 17. Nxh5 Nxh5 18. Ng5 Qg6 19. Qg4 Nf4 20. Nf3 Qe8 21. Bxf4 Rxf4 22. Qe6 Nd8 23. Qc4 c6 24. Qe2 Ne6 25. Bb3 Nc5 26. Nd2 Qg6 27. Bc2 Raf8 28. Rf1 d5 29. b4 Nxe4 30. Nxe4 dxe4 31. Rae1 c5 32. Bxe4 Qb6 33. a3 cxb4 34. cxb4 Bh4 35. Qh5 h6 36. Qxe5 Rxf2 37. Kh2 Bg5 38. Rxf2 Qxf2 39. Qa1 Bf4+ 40. Kh1 Qg3 41. Kg1 Qh2+ 42. Kf2 0-1

[Event "American Continental Blitz 18th"]
[Site "Medellin"]
[Date "2024.05.29"]
[Round "7"]
[White "Alcala Leon, Daniel Alejandro"]
[Black "Gonzalez Velasco, Leandro"]
[Result "0-1"]
[WhiteElo "1913"]
[BlackElo "2043"]
[PlyCount "131"]
[EventDate "2024.05.29"]
[EventType "swiss (blitz)"]
[EventRounds "9"]
[EventCountry "COL"]
[SourceTitle "CBM 220 Extra"]
[Source "ChessBase"]
[SourceDate "2024.07.31"]
[SourceVersion "1"]
[SourceVersionDate "2024.07.31"]
[SourceQuality "1"]

1. e4 c5 2. Nf3 d6 3. c3 Nf6 4. Be2 Nc6 5. Qc2 d5 6. e5 Nd7 7. d4 cxd4 8. cxd4 Nb6 9. Nc3 Bg4 10. Be3 e6 11. 0-0 Be7 12. Rfe1 0-0 13. Ng5 Bf5 14. Qc1 Nb4 15. Rd1 Nc2 16. Nf3 Nxa1 17. Qxa1 Rc8 18. h3 Nc4 19. Qc1 Bb4 20. Bg5 Qa5 21. Nh4 Bg6 22. Nxg6 hxg6 23. Rd3 Nxb2 24. Qxb2 Bxc3 25. Qxb7 Qb6 26. Qxb6 axb6 27. Bd1 f6 28. Bf4 Rc4 29. Bb3 Rxd4 30. Rxc3 Rxf4 31. exf6 R8xf6 32. f3 Rd4 33. Rc6 b5 34. Rb6 b4 35. Kf2 e5 36. Rb5 Rd6 37. Ke3 Kf7 38. g4 g5 39. Rb7+ Kf6 40. Rb8 Rf4 41. Rf8+ Ke7 42. Rb8 d4+ 43. Kf2 d3 44. Rb5 d2 45. Ke2 Kf6 46. Rb8 Ke7 47. Rb7+ Rd7 48. Rb5 Kf6 49. Rb6+ Ke7 50. Re6+ Kd8 51. Rxe5 Rfd4 52. Kd1 Re7 53. Rd5+ Rxd5 54. Bxd5 Rd7 55. Be4 Ke7 56. Bc2 Kf6 57. Ke2 Ke5 58. Bd1 Kf4 59. Kf2 Rd3 60. Ke2 Rxf3 61. Kxd2 Rxh3 62. Kc2 Rc3+ 63. Kb2 Ke3 64. Bb3 Kd2 65. Be6 Rg3 66. Bd7 0-1

[Event "American Continental Blitz 18th"]
[Site "Medellin"]
[Date "2024.05.29"]
[Round "6"]
[White "Aponte Castillo, Ernesto"]
[Black "Alcala Leon, Daniel Alejandro"]
[Result "0-1"]
[WhiteElo "1978"]
[BlackElo "1913"]
[PlyCount "70"]
[EventDate "2024.05.29"]
[EventType "swiss (blitz)"]
[EventRounds "9"]
[EventCountry "COL"]
[SourceTitle "CBM 220 Extra"]
[Source "ChessBase"]
[SourceDate "2024.07.31"]
[SourceVersion "1"]
[SourceVersionDate "2024.07.31"]
[SourceQuality "1"]

1. e4 e5 2. f4 d6 3. Nf3 Nc6 4. Bc4 Be7 5. 0-0 Nf6 6. Nc3 0-0 7. d3 Bg4 8. h3 Bxf3 9. Qxf3 Nd4 10. Qf2 c6 11. Be3 b5 12. Bb3 Nxb3 13. axb3 a5 14. Bb6 Qd7 15. fxe5 dxe5 16. Ra2 a4 17. bxa4 b4 18. Ne2 b3 19. cxb3 Qxd3 20. Nc3 Nxe4 21. Nxe4 Qxe4 22. Rc1 Bh4 23. Qc5 Qf5 24. a5 Bg5 25. Rf1 Qd3 26. b4 Rab8 27. Ra3 Qe2 28. Bc7 Qxb2 29. Bxb8 Qxa3 30. Ba7 Bf4 31. Qc4 Qg3 32. Rf2 Rd8 33. Qc2 e4 34. Bb6 Rd3 35. Qe2 Qh2+ 0-1

[Event "American Continental Blitz 18th"]
[Site "Medellin"]
[Date "2024.05.29"]
[Round "2"]
[White "Gomez Silva, Maximiliano"]
[Black "Alcala Leon, Daniel Alejandro"]
[Result "1-0"]
[WhiteElo "1712"]
[BlackElo "1913"]
[PlyCount "89"]
[EventDate "2024.05.29"]
[EventType "swiss (blitz)"]
[EventRounds "9"]
[EventCountry "COL"]
[SourceTitle "CBM 220 Extra"]
[Source "ChessBase"]
[SourceDate "2024.07.31"]
[SourceVersion "1"]
[SourceVersionDate "2024.07.31"]
[SourceQuality "1"]

1. c4 e5 2. Nc3 Nf6 3. Nf3 e4 4. Ng5 c6 5. Ngxe4 Nxe4 6. Nxe4 d5 7. Nc3 d4 8. Ne4 c5 9. d3 Nc6 10. e3 Be7 11. exd4 Nxd4 12. Be3 Qb6 13. Bxd4 cxd4 14. Rb1 f5 15. Ng3 0-0 16. Be2 Re8 17. 0-0 Bf6 18. b4 Qc7 19. c5 b5 20. cxb6 axb6 21. a4 Kh8 22. Bf3 Bb7 23. Bxb7 Qxb7 24. Nxf5 Qd5 25. Ng3 g6 26. Qc2 Rec8 27. Qb2 Rxa4 28. Rfc1 Raa8 29. Ne4 Bg7 30. Rxc8+ Rxc8 31. Rc1 Re8 32. b5 h5 33. h3 Re6 34. Rc8+ Kh7 35. Qd2 Rxe4 36. dxe4 Qxe4 37. Rc7 Qe5 38. Rd7 Qxb5 39. Qxd4 Kh6 40. Qxg7+ Kg5 41. Qe7+ Kf5 42. Qf7+ Ke5 43. Re7+ Kd6 44. Qf6+ Kc5 45. Re5+ 1-0

[Event "American Continental Blitz 18th"]
[Site "Medellin"]
[Date "2024.05.29"]
[Round "4"]
[White "Gonzalez Gonzalez, Guillermo David"]
[Black "Alcala Leon, Daniel Alejandro"]
[Result "0-1"]
[WhiteElo "1690"]
[BlackElo "1913"]
[PlyCount "65"]
[EventDate "2024.05.29"]
[EventType "swiss (blitz)"]
[EventRounds "9"]
[EventCountry "COL"]
[SourceTitle "CBM 220 Extra"]
[Source "ChessBase"]
[SourceDate "2024.07.31"]
[SourceVersion "1"]
[SourceVersionDate "2024.07.31"]
[SourceQuality "1"]

1. d4 d5 2. c4 e6 3. Nc3 Nf6 4. cxd5 exd5 5. Bg5 c6 6. e3 Bd6 7. Qc2 0-0 8. Bd3 h6 9. Bh4 a5 10. Nge2 Na6 11. a3 b5 12. 0-0 Bxh2+ 13. Kxh2 Ng4+ 14. Kg3 g5 15. Bf5 gxh4+ 16. Kh3 Qg5 17. Bxc8 Raxc8 18. Nf4 Nxe3 19. Qe2 Nxf1 20. Rxf1 Qxf4 21. g3 Qf5+ 22. Kh2 Rfe8 23. Qd2 hxg3+ 24. fxg3 Qxf1 25. Qxh6 Qf2+ 26. Kh3 Qf5+ 27. Kh2 b4 28. Qd6 bxc3 29. Qf4 Re2+ 30. Kg1 Qb1+ 31. Qf1 Re1 32. Kg2 Rxf1 33. g4 0-1

[Event "Teusaquillo Rapid op"]
[Site "Teusaquillo"]
[Date "2023.03.05"]
[Round "9"]
[White "Alcala Leon, Daniel Alejandro"]
[Black "Angulo, Ariolfo"]
[Result "1/2-1/2"]
[WhiteElo "1563"]
[BlackElo "2005"]
[PlyCount "62"]
[EventDate "2023.03.04"]
[EventType "swiss (rapid)"]
[EventRounds "9"]
[EventCountry "COL"]
[SourceTitle "CBM 213 Extra"]
[Source "ChessBase"]
[SourceDate "2023.05.31"]
[SourceVersion "1"]
[SourceVersionDate "2023.05.31"]
[SourceQuality "1"]

1. e4 e5 2. Nf3 Nc6 3. Bb5 a6 4. Ba4 Nf6 5. 0-0 Nxe4 6. Bxc6 dxc6 7. Re1 Nc5 8. Nxe5 Be7 9. d4 Ne6 10. Be3 0-0 11. Nc3 Re8 12. Qd2 f6 13. Nf3 Nf8 14. d5 c5 15. Ne4 b6 16. Rad1 Bf5 17. Bf4 Bxe4 18. Rxe4 Bd6 19. Rxe8 Qxe8 20. Bxd6 cxd6 21. Re1 Qf7 22. Qd3 b5 23. b3 Re8 24. Re3 Ng6 25. Qf5 Ne5 26. Nxe5 fxe5 27. Qxf7+ Kxf7 28. f3 g5 29. c4 Rb8 30. Re4 Kg6 31. Kf2 Kf5 1/2-1/2

[Event "Teusaquillo Rapid op"]
[Site "Teusaquillo"]
[Date "2023.03.04"]
[Round "4"]
[White "Estrella Becerra, Fernando"]
[Black "Alcala Leon, Daniel Alejandro"]
[Result "1-0"]
[WhiteElo "1890"]
[BlackElo "1563"]
[PlyCount "111"]
[EventDate "2023.03.04"]
[EventType "swiss (rapid)"]
[EventRounds "9"]
[EventCountry "COL"]
[SourceTitle "CBM 213 Extra"]
[Source "ChessBase"]
[SourceDate "2023.05.31"]
[SourceVersion "1"]
[SourceVersionDate "2023.05.31"]
[SourceQuality "1"]

1. c4 e5 2. g3 Nf6 3. Bg2 c6 4. b3 d5 5. cxd5 cxd5 6. Nf3 Nc6 7. d4 exd4 8. Nxd4 Bb4+ 9. Bd2 Qa5 10. Nxc6 bxc6 11. 0-0 0-0 12. a3 Bxd2 13. Qxd2 Qb6 14. b4 a5 15. bxa5 Qxa5 16. Qxa5 Rxa5 17. Nc3 Ba6 18. Bf3 d4 19. Nb1 c5 20. Nd2 Rb8 21. Rfc1 g6 22. Kf1 Bc8 23. Nc4 Bh3+ 24. Ke1 Ra4 25. Nd2 Ra5 26. Nc4 Ra4 27. Ne5 Rb3 28. Rxc5 Rbxa3 29. Rxa3 Rxa3 30. Rc4 Ra1+ 31. Kd2 Rf1 32. Nd3 Bf5 33. Rc1 Rxc1 34. Nxc1 Nd7 35. Nb3 d3 36. exd3 Ne5 37. Be2 Ng4 38. Bxg4 Bxg4 39. Ke3 Kf8 40. f3 Bc8 41. Kd4 Ke7 42. Kc5 Bb7 43. Nd2 f5 44. d4 Ke6 45. f4 h6 46. Nb1 g5 47. Nc3 gxf4 48. gxf4 h5 49. h4 Kd7 50. d5 Ba6 51. Na4 Bb7 52. Nb6+ Kc7 53. d6+ Kd8 54. Kd4 Be4 55. Ke5 Bc2 56. Nd5 1-0